00968nam a2200265 a 450000100100000000500170001000800410002704000250006808200200009310000340011324500850014726000480023230000200028049000230030049000090032365000420033265000310037470000430040571000640044883000300051283000160054204900090055895201180056799900170068500001309920240412074237.0091120s1984 dr 000 p spa d aDO-SdBNPbspacBNPHU aRD861.44bS211a1 aSánchez, Juan José93021710aAntología /cJuan José Sánchez ; prólogo Manuel de Jesús Goico Castro. aSanto Domingo :bPublicaciones ONAP,c1984. a59 p. ;c21 cm.1 aLiteratura ;vno.21 aONAP 4aPoesía dominicanaxColecciones9351 0aLiteratura dominicana.9671 aGoico Castro, Jesús,epról.9302181 aSecretaría de Estado de Administración Pública930219 0aLiteratura ;vno. 298095 aONAP910860 aBNPD 0010718PDaPDbPDcCTd2009-11-20iLF1l0oRD861.44 S211ap13099-10r2020-06-25w2020-06-25yLFPDZNo se presta c12741d12741